Структурные переходы в мембранах эритроцитов (экспериментальные и теоретические модели): монография

التفاصيل البيبلوغرافية
مؤلف مشترك: Новосибирский государственный архитектурно-строительный университет
مؤلفون آخرون: Мокрушников П. В. Павел Валентинович, Панин Л. Е. Лев Евгеньевич, Панин В. Е. Виктор Евгеньевич, Козельская А. И. Анна Ивановна, Зайцев Б. Н. Борис Николаевич
الملخص:В монографии приведены экспериментальные и теоретические результаты исследований влияния экзогенных и эндогенных факторов на структуру биомембран, влияния структурных переходов в биомембранах на активность АТФаз и способности эритроцитов проходить по микрокапиллярам. Рассматриваются поля механических напряжений в биомембране, ее разрушение. Монография предназначена для студентов, специалистов, интересующихся медициной, биологией, биофизикой.
اللغة:الروسية
منشور في: Новосибирск, Изд-во НГАСУ, 2019
الموضوعات:
التنسيق: MixedMaterials كتاب
KOHA link:https://koha.lib.tpu.ru/cgi-bin/koha/opac-detail.pl?biblionumber=344180

MARC

LEADER 00000nam0a2200000 4500
001 344180
005 20251215141950.0
010 |a 9785779508681 
035 |a (RuTPU)RU\TPU\book\375428 
090 |a 344180 
100 |a 20200113d2019 k y0rusy50 ca 
101 0 |a rus 
102 |a RU 
105 |a a z 001zy 
200 1 |a Структурные переходы в мембранах эритроцитов (экспериментальные и теоретические модели)  |e монография  |f П. В. Мокрушников [и др.]  |g Новосибирский государственный архитектурно-строительный университет (НГАСУ), (1998- ) 
210 |a Новосибирск  |c Изд-во НГАСУ  |d 2019 
215 |a 284 с.  |c ил. 
320 |a Библиогр.: с. 236-278 
320 |a Список сокращений и условных обозначений: с. 279-280 
330 |a В монографии приведены экспериментальные и теоретические результаты исследований влияния экзогенных и эндогенных факторов на структуру биомембран, влияния структурных переходов в биомембранах на активность АТФаз и способности эритроцитов проходить по микрокапиллярам. Рассматриваются поля механических напряжений в биомембране, ее разрушение. Монография предназначена для студентов, специалистов, интересующихся медициной, биологией, биофизикой. 
606 1 |a Эритроциты  |2 stltpush  |3 (RuTPU)RU\TPU\subj\21409  |9 46408 
610 1 |a биомембраны 
610 1 |a структурные переходы 
610 1 |a исследование 
610 1 |a экспериментальные методы 
610 1 |a конформация 
610 1 |a изменение 
610 1 |a экзогенные факторы 
610 1 |a эндогенные факторы 
610 1 |a свойства 
610 1 |a функции 
610 1 |a изменение 
610 1 |a монографии 
675 |a 612.1  |v 4 
701 1 |a Мокрушников  |b П. В.  |g Павел Валентинович 
701 1 |a Панин  |b Л. Е.  |g Лев Евгеньевич 
701 1 |a Панин  |b В. Е.  |g Виктор Евгеньевич 
701 1 |a Козельская  |b А. И.  |c физик  |c научный сотрудник Томского политехнического университета, кандидат физико-математических наук  |f 1985-  |g Анна Ивановна  |9 21043 
701 1 |a Зайцев  |b Б. Н.  |g Борис Николаевич 
712 0 2 |a Новосибирский государственный архитектурно-строительный университет  |c 1998-  |3 23605  |9 23605 
801 1 |a RU  |b 63413507  |c 20200113 
801 2 |a RU  |b 63413507  |c 20200206  |g RCR 
942 |c BK